000 00442cam a2200169ua 4500
020 _cRs 10.60
041 _aeng
_h
082 _a823.301
_bHAW/DH
100 _aHawkins, Desmond .
245 _aD H Lawrence`s stories, essays and poems /
_cDesmond Hawkins.
_hTextual Documents
260 _aLondon :
_bEverymans Library ,
_c1930.
300 _a417 ; .
365 _aRs 10.60
504 _a
942 _cBK
999 _c3888
_d3888